Pravdepodobnosť a matematická štatistika /

Guardado en:
Detalles Bibliográficos
Autores principales: Lamoš, František (Autor), Riečan, Beloslav (Autor), Lenárt, Cyril (Autor)
Formato: Libro
Lenguaje:eslovaco
Publicado: Bratislava : Alfa, 1992
Edición:2.vyd.
Colección:Edícia matematicko-fyzikálnej literatúry
Etiquetas: Agregar Etiqueta
Sin Etiquetas, Sea el primero en etiquetar este registro!

MARC

LEADER 00000nam a22000003a 4500
001 stu4012
005 20150617225809.9
008 930609s1992----cs------------------slo-d
020 |a 80-05-00654-3 
040 |a STU  |b slo 
041 0 |a slo 
044 |a cs 
080 |a 519.2 
100 1 |a Lamoš, František  |4 aut 
245 1 |a Pravdepodobnosť a matematická štatistika /  |c [aut.] Riečan,Beloslav; Lamoš,František; Lenárt,Cyril 
250 |a 2.vyd. 
260 |a Bratislava :  |b Alfa,  |c 1992 
300 |a 317 s 
700 1 |a Riečan, Beloslav  |4 aut 
700 1 |a Lenárt, Cyril  |4 aut 
830 0 |a Edícia matematicko-fyzikálnej literatúry 
996 |b 284EK07798  |c E*78125  |l EE0101  |s P  |a 0  |w stu4012_0001